Stolice - sama afryka + stan - Statystyki

Ogólne statystyki
  • Ten quiz został rozwiązany 28 razy
  • Średni wynik to 15 z 30
Statystyki odpowiedzi
Kraj Stolica % Poprawnych
Algieria Algier
90%
Egipt Kair
85%
Maroko Rabat
80%
Angola Luanda
70%
Niger Niamey
70%
Kenia Nairobi
65%
Etiopia Addis Abeba
60%
Madagaskar Antananarywa
60%
Demokratyczna Republika Konga Kinszasa
60%
Libia Trypolis
60%
Sudan Chartum
55%
Czad Ndżamena
55%
Południowa Afryka Pretoria
55%
Zimbabwe Harare
50%
Nigeria Abudża
45%
Mali Bamako
45%
Tanzania Dodoma
45%
Botswana Gaborone
45%
Somalia Mogadiszu
45%
Kongo Brazzaville
35%
Kamerun Jaunde
35%
Zambia Lusaka
35%
Mozambik Maputo
35%
Mauretania Nawakszut
35%
Namibia Windhuk
35%
Republika Środkowoafrykańska Bangi
30%
Wybrzeże Kości Słoniowej Jamusukro
30%
Turkmenistan Aszchabad
25%
Sudan Południowy Dżuba
25%
Uzbekistan Taszkent
25%
Nie znaleziono quizów pasujących do podanych kryteriów
Rozkład punktacji
Procent ludzi z każdym wynikiem
Percentyl według liczby udzielonych odpowiedzi
Twoja historia wyników
Nie rozwiązałeś tego quizu